Les cinq plus grandes villes de France - Sprint de trente secondes - Statistiques

Statistiques générales
  • Ce quiz a été pris 245 fois
  • Le résultat moyen est 5 sur 5
Statistiques - réponses
Répondre % Correct
Paris
100%
Lyon
99%
Marseille
98%
Toulouse
86%
Nice
79%
Aucun quiz correspondant
Distribution des résultats
% des personnes avec chaque résultat
Percentile par nombre de réponses
Votre historique - résultats
Vous n’avez pas pris ce quiz